[Event "Linklater Memorial 6th"]
[Site "San Francisco"]
[Date "2002.04.11"]
[Round "9"]
[White "Mezentsev, Vladimir Gen"]
[Black "Narayan, Chethan"]
[Result "1-0"]
[WhiteElo "2400"]
[BlackElo "2266"]
[PlyCount "73"]
[EventDate "2002.04.02"]
[EventType "tourn"]
[EventRounds "11"]
[EventCountry "USA"]
[EventCategory "4"]
[SourceTitle "EXT 2003"]
[Source "ChessBase"]
[SourceDate "2002.11.25"]
[SourceVersion "1"]
[SourceVersionDate "2002.11.25"]
[SourceQuality "1"]

1. e4 c5 2. Nf3 d6 3. d4 cxd4 4. Nxd4 Nf6 5. Nc3 g6 6. Be3 Bg7 7. f3 0-0 8. Qd2 Nc6 9. 0-0-0 Bd7 10. g4 Qa5 11. Nb3 Qd8 12. g5 Nh5 13. Be2 Rc8 14. Nd5 e6 15. Nc3 Nb4 16. Kb1 d5 17. a3 Na6 18. f4 Bxc3 19. bxc3 Qc7 20. Bxh5 gxh5 21. Bd4 Qc4 22. Rhe1 e5 23. Bxe5 Bg4 24. exd5 Nc5 25. Qd4 Nxb3 26. Qxc4 Rxc4 27. cxb3 Bxd1 28. Rxd1 Rcc8 29. d6 Rcd8 30. d7 f5 31. Bf6 Rxf6 32. gxf6 Kf7 33. Rd6 h4 34. h3 h5 35. c4 Kg6 36. c5 a6 37. Kb2 1-0